| 000 | 00735nam a22002297a 4500 | ||
|---|---|---|---|
| 999 |
_c15118 _d15118 |
||
| 003 | AR-CdUCM | ||
| 008 | 190423b ||||| |||| 00| 0 spa d | ||
| 020 | _a978-607-404-763-9 | ||
| 040 |
_aMUNICIPALIDAD PROVINCIAL DEL CUSCO _cBIBLIOTECA MUNICIPAL DEL CUSCO |
||
| 082 |
_aPI / 376.1 / _bS55 |
||
| 110 |
_aSilver Dolphin _933031 |
||
| 245 | _aFelinos feroces / | ||
| 260 |
_aMexico : _bAdvanced marketing, _c2012. |
||
| 300 |
_bIlustraciones, _c30 cm. |
||
| 500 | _aTitulo original : Ferocious wildcats | ||
| 650 |
_aFelinos _933284 |
||
| 650 |
_aAprende con los felinos _933285 |
||
| 650 |
_aTigre, puma, leopardo _933286 |
||
| 700 |
_aAlba, Aelette de (Traducción) _933287 |
||
| 942 |
_2ddc _cLIBROS |
||
| 945 |
_apjha _d2019-04-25 |
||